Loading...
| History - American History | 0 | 3 | 0 | 0 | 30 | 73 | 90.00 | 0 | 3 |
| Literature - World Literature | 0 | 2 | 0 | 0 | 20 | 125 | 126.50 | 1 | 1 |
| Social Science | 1 | 1 | 1 | 0 | 20 | 70 | 86.50 | 1 | 2 |
| Fine Arts - Auditory Fine Arts | 1 | 0 | 0 | 0 | 15 | 42 | 42.00 | 0 | 1 |
| Fine Arts - Visual Fine Arts | 0 | 1 | 0 | 0 | 10 | 77 | 77.00 | 1 | 1 |
| History - Other History | 0 | 1 | 0 | 1 | 10 | 121 | 121.00 | 0 | 0 |
| Mythology- Edited | 0 | 1 | 0 | 0 | 10 | 118 | 118.00 | 0 | 1 |
| Literature - British Literature | 0 | 1 | 0 | 1 | 10 | 142 | 142.00 | 0 | 1 |
| Fine Arts - Other Fine Arts | 0 | 1 | 0 | 1 | 10 | 142 | 142.00 | 0 | 0 |
| Literature - European Literature | 0 | 1 | 1 | 0 | 5 | 104 | 104.00 | 0 | 1 |
| Religion | 0 | 1 | 1 | 0 | 5 | 119 | 119.00 | 0 | 1 |
| Science - Other Science | 0 | 1 | 1 | 0 | 5 | 75 | 75.00 | 1 | 1 |
| Literature - American Literature | 0 | 0 | 0 | 0 | 0 | 0.00 | 0 | 0 | |
| Science - Biology | 0 | 1 | 2 | 0 | 0 | 101 | 101.00 | 0 | 1 |
| Mythology | 0 | 0 | 1 | 0 | -5 | 0.00 | 0 | 0 | |
| Current Events | 0 | 0 | 1 | 0 | -5 | 0.00 | 0 | 0 |